Welcome to WEB OPAC of MRSPTU Central Library

Antenna for all applications (Record no. 4539)

MARC details
000 -LEADER
fixed length control field 00438nam a2200169Ia 4500
008 - FIXED-LENGTH DATA ELEMENTS--GENERAL INFORMATION
fixed length control field 230711s9999||||xx |||||||||||||| ||und||
041 ## - LANGUAGE CODE
Language code of text/sound track or separate title ENG
082 ## - DEWEY DECIMAL CLASSIFICATION NUMBER
Classification number 621.3824
Item number KR-A
100 ## - MAIN ENTRY--PERSONAL NAME
Personal name Kraus, John D
245 #0 - TITLE STATEMENT
Title Antenna for all applications
250 ## - EDITION STATEMENT
Edition statement 3rd Ed.
260 ## - PUBLICATION, DISTRIBUTION, ETC.
Date of publication, distribution, etc. 2006
Place of publication, distribution, etc. New Delhi
Name of publisher, distributor, etc. Tata McGraw Hill Education Limited
300 ## - PHYSICAL DESCRIPTION
Extent 962
650 ## - SUBJECT ADDED ENTRY--TOPICAL TERM
Topical term or geographic name entry element Electronics Engineering
700 ## - ADDED ENTRY--PERSONAL NAME
Personal name Marhefka,Ronald J.
942 ## - ADDED ENTRY ELEMENTS (KOHA)
Koha item type Book
Holdings
Withdrawn status Lost status Damaged status Not for loan Collection Home library Current library Date acquired Total checkouts Full call number Barcode Date last seen Price effective from Koha item type
          MRSPTU Central Library MRSPTU Central Library     621.3824 KR-A 15612 08/17/2023 08/17/2023 Book
          MRSPTU Central Library MRSPTU Central Library     621.3824 KR-A 15613 08/17/2023 08/17/2023 Book
          MRSPTU Central Library MRSPTU Central Library     621.3824 KR-A 15614 08/17/2023 08/17/2023 Book
          MRSPTU Central Library MRSPTU Central Library     621.3824 KR-A 15615 08/17/2023 08/17/2023 Book
          MRSPTU Central Library MRSPTU Central Library     621.3824 KR-A 15616 08/17/2023 08/17/2023 Book

Website Designed and Developed by MRSPTU Central Library Team

E-mail Id: librarian@mrsptu.ac.in